|
|
|
|
| LEADER |
00000nab a2200000 ar4500 |
| 001 |
vtls009956329 |
| 003 |
SK-MaSNL |
| 005 |
20260318125049.0 |
| 008 |
091002c2009 xo ||||||h| 000 b|hun |
| 015 |
|
|
|a SNBRB2009/10
|2 snkbucl
|
| 038 |
|
|
|a SNKBUCL
|
| 040 |
|
|
|a DSZK
|b slo
|c DSZK
|e AACR2
|
| 041 |
0 |
|
|a hun
|
| 044 |
|
|
|a xo
|c SK
|
| 080 |
|
|
|a 791/792.071.2
|2 2001
|
| 080 |
|
|
|a 929 Oroszlán, Szonja
|2 2001
|
| 100 |
1 |
|
|a Szabó, László G.,
|d 1955-
|4 ivr
|4 aut
|9 840019
|
| 245 |
1 |
0 |
|a Szigorúan őrzött határok
|c Szabó G. László, Oroszlán Szonja
|
| 300 |
|
|
|b Fotogr.
|
| 600 |
1 |
7 |
|a Oroszlán, Szonja,
|d 1977-
|2 snkbucl
|9 874673
|
| 650 |
0 |
7 |
|a herečky
|2 SNKPH
|9 59028
|
| 655 |
|
7 |
|a rozhovory
|2 SNKPH
|9 31831
|
| 700 |
1 |
|
|a Oroszlán, Szonja,
|d 1977-
|4 ive
|4 aut
|9 874673
|
| 773 |
0 |
|
|t Vasárnap
|g Évf. 42, sz. 34 (2009), o. 20-22
|
| 852 |
|
|
|a SNK
|b KIS3GCP
|
| 852 |
|
|
|a DSZK
|b KIS3GCP
|
| 958 |
|
|
|a HU
|
| 958 |
|
|
|a BC
|
| 999 |
|
|
|c 2268481
|d 2270411
|